000 00543nam a2200229Ia 4500
003 OSt
005 20221005124825.0
006 a|||||r|||| 00| 0
007 ta
008 221004b |||||||| |||| 00| 0 mal d
024 _a59023
037 _cTextual
040 _aCRL
_cCRL
_bmal
041 _2mal
_amal
082 _aY1:351.2, 32K7
100 _aKunhappa
_9635815
245 0 _aNhanalla
260 _c1964
650 _aSOCIOLOGY
942 _hY1:351.2, 32K7
_cTEXL
_2cc
999 _c1051779
_d1051779